|
|
|
|
| LEADER |
00000nam0a2200000 4500 |
| 001 |
293718 |
| 005 |
20231102000624.0 |
| 035 |
|
|
|a (RuTPU)RU\TPU\book\318758
|
| 090 |
|
|
|a 293718
|
| 100 |
|
|
|a 20150505d1983 k y0rusy5003 ca
|
| 101 |
0 |
|
|a rus
|
| 102 |
|
|
|a RU
|
| 105 |
|
|
|a a z 001zy
|
| 200 |
1 |
|
|a Гидродинамические воздействия на сооружения гидроузлов и их оборудование
|e сборник научных трудов
|f Всесоюзный научно-исследовательский институт гидротехники им. Б. Е. Веденеева (ВНИИГ)
|
| 210 |
|
|
|a Ленинград
|c Энергоатомиздат
|d 1983
|
| 215 |
|
|
|a 117 с.
|c ил.
|d 26 см
|
| 225 |
1 |
|
|a Известия ВНИИГ им. Б. Е. Веденеева
|v Т. 162
|
| 320 |
|
|
|a Библиография в конце статей
|
| 606 |
1 |
|
|a Гидротехнические сооружения
|x Действие волн
|x Расчет
|2 stltpush
|3 (RuTPU)RU\TPU\subj\6833
|9 34620
|
| 610 |
1 |
|
|a тяжелые жидкости
|
| 610 |
1 |
|
|a безнапорные потоки
|
| 610 |
1 |
|
|a удельная энергия
|
| 610 |
1 |
|
|a сороудерживающие решетки
|
| 610 |
1 |
|
|a стержни
|
| 610 |
1 |
|
|a автоколебания
|
| 610 |
1 |
|
|a водопропускные сооружения
|
| 610 |
1 |
|
|a стальные облицовки
|
| 610 |
1 |
|
|a динамические характеристики
|
| 610 |
1 |
|
|a осевые гидротурбины
|
| 610 |
1 |
|
|a лопасти
|
| 610 |
1 |
|
|a гидродинамические воздействия
|
| 610 |
1 |
|
|a обтекаемые водные преграды
|
| 610 |
1 |
|
|a поверхностные волны
|
| 610 |
1 |
|
|a воздействие
|
| 610 |
1 |
|
|a безнепорные водоводы
|
| 610 |
1 |
|
|a металлические облицовки
|
| 610 |
1 |
|
|a нелинейные колебания
|
| 675 |
|
|
|a 626/628:532
|z rus
|v 4
|
| 712 |
0 |
2 |
|a Всесоюзный научно-исследовательский институт гидротехники им. Б. Е. Веденеева (ВНИИГ)
|2 stltpush
|3 (RuTPU)RU\TPU\col\11485
|
| 801 |
|
0 |
|a RU
|b RuMRKP
|c 19950704
|g psbo
|
| 801 |
|
1 |
|a RU
|b 63413507
|c 20150505
|
| 801 |
|
2 |
|a RU
|b 63413507
|c 20170720
|g RCR
|
| 942 |
|
|
|c BK
|